| 000 | 00597nam a2200181Ia 4500 | ||
|---|---|---|---|
| 005 | 20250923144621.0 | ||
| 008 | 008 250917s9999 xx 000 0 eng d | ||
| 037 | _aTextual | ||
| 040 |
_aDSWL _beng _cDSWL |
||
| 041 |
_aeng _2eng |
||
| 084 |
_aT3.231'N57t4, N58 _qDSWL |
||
| 100 |
_aRadhamani, S. _9826668 |
||
| 245 | 2 |
_aA study of the institutional services for the aged in Madras city _cby S. Radhamani |
|
| 260 |
_aDelhi _bDelhi Delhi School of Social Work _c1958 |
||
| 300 | _aiii,56,xivp. | ||
| 942 |
_cTEXL _hT3.231'N57t4, N58 |
||
| 999 |
_c1441207 _d1441207 |
||